[Event "Sportsko leto 2013"]
[Site "Paracin, hotel "]
[Date "2013.07.12"]
[Round "9.37"]
[White "Isak, Igor G"]
[Black "Colovic, Zoran"]
[Result "1-0"]
[WhiteElo "2053"]
[BlackElo "2112"]
[PlyCount "112"]
[EventDate "2013.07.05"]

1. e4 c5 2. Nc3 Nc6 3. f4 e6 4. Nf3 a6 5. g3 d5 6. d3 Nf6 7. e5 Nd7 8. Bg2 b5
9. Ne2 g6 10. Be3 Bb7 11. d4 c4 12. O-O Ne7 13. g4 Nb6 14. Ng3 Qd7 15. f5 Nc6
16. fxe6 fxe6 17. Bg5 Be7 18. Bf6 Rf8 19. g5 O-O-O 20. c3 Rde8 21. h4 b4 22.
Ne2 a5 23. Bh3 Bd8 24. Rb1 Ne7 25. Nf4 Nc6 26. Nh2 Kb8 27. Ng4 Bc7 28. Qc2 Bc8
29. Nh6 Na7 30. h5 gxh5 31. Nxh5 Nb5 32. Ng7 bxc3 33. bxc3 Qc6 34. a4 Na3 35.
Rxb6+ Qxb6 36. Qa2 Qb3 37. Ra1 Qxc3 38. Qxa3 Qxd4+ 39. Kh1 Qe4+ 40. Bg2 Qh4+
41. Qh3 Qd4 42. Rb1+ Ka8 43. Nxe8 Rxe8 44. Rc1 Bxe5 45. Bxe5 Qxe5 46. Rxc4 Bb7
47. Rc5 Kb8 48. Qh2 Qxh2+ 49. Kxh2 Re7 50. Kg3 Ka7 51. Rxa5+ Kb6 52. Rb5+ Kc6
53. Ng4 Kd6 54. a5 Bc6 55. Rb6 e5 56. Ne3 e4 1-0

[Event "Sportsko leto 2013"]
[Site "Paracin, hotel "]
[Date "2013.07.12"]
[Round "9.39"]
[White "Marjanovics, Annamaria"]
[Black "Bejatovic, Bojana"]
[Result "1/2-1/2"]
[WhiteElo "2002"]
[BlackElo "2002"]
[PlyCount "92"]
[EventDate "2013.07.05"]

1. e4 Nf6 2. e5 Nd5 3. d4 d6 4. c4 Nb6 5. exd6 exd6 6. Nc3 Nc6 7. Be3 Bf5 8.
Bd3 Bxd3 9. Qxd3 Be7 10. Nf3 Bf6 11. O-O O-O 12. b3 d5 13. c5 Nc8 14. a3 N8e7
15. b4 Ng6 16. Rfb1 Re8 17. a4 Qd7 18. a5 Nce7 19. b5 c6 20. a6 Reb8 21. axb7
Rxb7 22. b6 Nc8 23. Ra6 Rab8 24. bxa7 Rxb1+ 25. Nxb1 Nxa7 26. Nc3 Nc8 27. Ra1
h6 28. h3 Bd8 29. Ne2 Bc7 30. Qa6 Qe6 31. Qa2 Qd7 32. Qd2 Kh7 33. Nf4 Qf5 34.
Nxg6 Rb1+ 35. Rxb1 Qxb1+ 36. Ne1 Qxg6 37. Bf4 Bxf4 38. Qxf4 Qb1 39. Kf1 Qb5+
40. Kg1 Qb1 41. Qe5 Na7 42. Kh2 Nb5 43. Nf3 Qe4 44. Qxe4+ dxe4 45. Nd2 Nxd4 46.
Nxe4 Kg6 1/2-1/2

[Event "Sportsko leto 2013"]
[Site "Paracin, hotel "]
[Date "2013.07.12"]
[Round "9.40"]
[White "Djordjevic, Gradimir"]
[Black "Burovic, Rijad"]
[Result "1-0"]
[WhiteElo "2216"]
[BlackElo "1919"]
[PlyCount "138"]
[EventDate "2013.07.05"]

1. c4 g6 2. Nc3 Bg7 3. g3 e5 4. Bg2 d6 5. e3 c6 6. Nge2 f5 7. O-O Be6 8. b3 Nf6
9. d4 e4 10. f3 exf3 11. Bxf3 O-O 12. Rb1 d5 13. cxd5 cxd5 14. Nf4 Bf7 15. Nd3
Nc6 16. b4 Ne4 17. Ne2 Re8 18. Bg2 b6 19. Re1 Qd7 20. Bd2 Nd8 21. Bxe4 dxe4 22.
Ne5 Bxe5 23. dxe5 Rxe5 24. Qc2 Ne6 25. Bc3 Rd5 26. Ba1 h5 27. Qc3 Kh7 28. Nf4
Rd2 29. Qf6 Rg8 30. Bc3 Rd6 31. Be5 Rd2 32. h4 Nxf4 33. gxf4 Bc4 34. b5 Qe6 35.
Rb4 Qxf6 36. Bxf6 Be6 37. Ra4 Rd7 38. Rc1 Rf7 39. Be5 Bd5 40. a3 Re8 41. Rd4
Bb7 42. Kf2 Rfe7 43. Rd6 Rf7 44. a4 Rfe7 45. Rcd1 Bc8 46. Rd8 Kg8 47. R1d6 Be6
48. Bf6 Kf7 49. Bxe7 Rxe7 50. Rc6 Bb3 51. Rd4 Be6 52. Ke2 Bd7 53. Rc3 Be6 54.
Kd2 Rb7 55. Rd6 Ke7 56. Rd4 Bd7 57. Kc2 Be6 58. Rc6 Kf7 59. Kc3 Bd7 60. Rcd6
Be6 61. Kb4 Ke7 62. Rc6 Kf7 63. Rdd6 Bd7 64. Rc3 Be6 65. a5 bxa5+ 66. Kxa5 Ke7
67. Rd4 Bd7 68. Rc5 Rb6 69. Rdd5 Ke8 1-0

[Event "Sportsko leto 2013"]
[Site "Paracin, hotel "]
[Date "2013.07.12"]
[Round "9.41"]
[White "Van Vliet, Dennis"]
[Black "Tisma, Ivan"]
[Result "1/2-1/2"]
[WhiteElo "2079"]
[BlackElo "2096"]
[PlyCount "81"]
[EventDate "2013.07.05"]

1. d4 Nf6 2. c4 g6 3. Nc3 Bg7 4. e4 O-O 5. Be2 c6 6. Be3 d6 7. h3 a6 8. a4 a5
9. Nf3 Na6 10. Qd2 Re8 11. g4 Nb4 12. g5 Nd7 13. h4 e5 14. d5 Nc5 15. Bxc5 dxc5
16. h5 Bg4 17. O-O-O Rc8 18. Rh4 Bd7 19. Qe3 cxd5 20. Nxd5 Nxd5 21. Rxd5 Qc7
22. b3 Be6 23. Rd2 Red8 24. hxg6 hxg6 25. Rh1 Rxd2 26. Nxd2 Rd8 27. Rd1 Qb6 28.
Nf3 Rxd1+ 29. Bxd1 Qc7 30. Nh2 Bf8 31. Bg4 Qd7 32. Bxe6 Qxe6 33. Nf3 Be7 34.
Qc3 Qg4 35. Qxe5 Qxf3 36. Qxe7 Qxb3 37. Qe8+ Kg7 38. Qe5+ Kh7 39. Qh2+ Kg8 40.
Qb8+ Kg7 41. Qe5+ 1/2-1/2

[Event "Sportsko leto 2013"]
[Site "Paracin, hotel "]
[Date "2013.07.12"]
[Round "9.42"]
[White "Popovic, Milan S"]
[Black "Kovacevic, Bozidar"]
[Result "1-0"]
[WhiteElo "2212"]
[BlackElo "1933"]
[PlyCount "77"]
[EventDate "2013.07.05"]

1. e4 c6 2. Nc3 d5 3. Qe2 dxe4 4. Nxe4 Bf5 5. d3 Bxe4 6. dxe4 e5 7. Nf3 Qc7 8.
c3 Nf6 9. Qc2 Nbd7 10. Bg5 Be7 11. Be2 O-O 12. O-O Nc5 13. Nd2 Ne6 14. Be3 Nf4
15. Bf3 Nd7 16. g3 Ng6 17. b4 Rfd8 18. Rfd1 Ndf8 19. Nc4 b6 20. Rxd8 Rxd8 21.
Rd1 Ne6 22. Bg4 Rxd1+ 23. Qxd1 Ngf8 24. Qd2 b5 25. Na5 c5 26. a3 a6 27. Bd1 Bd6
28. Bb3 c4 29. Bc2 Qe7 30. Qd5 Bc7 31. Nc6 Qd6 32. a4 Qxd5 33. exd5 Nd8 34. d6
Nxc6 35. dxc7 Ne7 36. axb5 axb5 37. Bc5 Nc8 38. Bxf8 Kxf8 39. Bf5 1-0

[Event "Sportsko leto 2013"]
[Site "Paracin, hotel "]
[Date "2013.07.12"]
[Round "9.43"]
[White "Djordjevic, Vuk"]
[Black "Kuzmanovic, Slobodan"]
[Result "1-0"]
[WhiteElo "2138"]
[BlackElo "2146"]
[PlyCount "179"]
[EventDate "2013.07.05"]

1. d4 Nf6 2. Bg5 c6 3. Bxf6 exf6 4. c4 Bb4+ 5. Nc3 Qa5 6. Qc2 d5 7. e3 O-O 8.
Bd3 h6 9. Nge2 c5 10. cxd5 cxd4 11. exd4 Qxd5 12. O-O Bxc3 13. bxc3 Nc6 14. c4
Qd6 15. Qc3 Bg4 16. f3 Be6 17. Rfd1 Rad8 18. Bc2 Ne7 19. Bb3 b6 20. Rac1 Rc8
21. Ng3 Qf4 22. Ne2 Qg5 23. Qd2 Nf5 24. Qxg5 fxg5 25. Kf2 Rfd8 26. h3 Rd6 27.
d5 Bd7 28. Nc3 Be8 29. Ne4 Rdd8 30. c5 bxc5 31. Nxc5 Nd6 32. Ne4 Nxe4+ 33. fxe4
Kf8 34. Ke3 f6 35. Kd4 Bd7 36. Rc5 Rxc5 37. Kxc5 Ke7 38. d6+ Ke8 39. Kd4 Rc8
40. e5 fxe5+ 41. Kxe5 Rc5+ 42. Rd5 Rxd5+ 43. Bxd5 Kf8 44. Be6 Bb5 45. Kd5 Ke8
46. Kc5 Ba4 47. Bc4 Kd8 48. Bb5 Bc2 49. Bc6 Bb1 50. a3 Bd3 51. Kd5 Bf5 52. Ke5
Bc8 53. Ke4 Be6 54. Kd4 Bb3 55. Ke5 Bc2 56. Bd5 Kd7 57. Be6+ Kd8 58. Kd5 Bb1
59. Kc5 Be4 60. Bd5 Bf5 61. Kc6 Bc8 62. Bc4 Bd7+ 63. Kb7 Bc8+ 64. Kc6 Bd7+ 65.
Kc5 Kc8 66. Be2 Kd8 67. Bf3 Ba4 68. Bd5 Kd7 69. Bf3 Bc2 70. Bc6+ Kc8 71. a4 Bd3
72. a5 Bc2 73. Bf3 Kd7 74. Bg4+ Kd8 75. Be6 Ba4 76. Bf5 Be8 77. g3 Ba4 78. Kd5
Ke8 79. Bd3 Bd7 80. Bf1 Kd8 81. Bg2 Ke8 82. g4 Kd8 83. Be4 Ba4 84. Ke6 Be8 85.
Bf3 h5 86. gxh5 Bd7+ 87. Kf7 Bxh3 88. Kxg7 Bf5 89. h6 g4 90. Bxg4 1-0

[Event "Sportsko leto 2013"]
[Site "Paracin, hotel "]
[Date "2013.07.12"]
[Round "9.44"]
[White "Dodic, Dragan"]
[Black "Radovanovic, Mihajlo"]
[Result "0-1"]
[WhiteElo "2141"]
[BlackElo "1878"]
[PlyCount "66"]
[EventDate "2013.07.05"]

1. d4 Nf6 2. c4 g6 3. Nc3 Bg7 4. e4 O-O 5. Bd3 d6 6. h3 Nc6 7. Nf3 e5 8. d5 Ne7
9. g4 Bd7 10. Bg5 h6 11. Be3 Kh7 12. Nd2 Ne8 13. f3 Kh8 14. Nb3 f5 15. c5 fxe4
16. Bxe4 c6 17. h4 cxd5 18. Nxd5 Nxd5 19. Bxd5 Nc7 20. Be4 d5 21. Bxd5 Nxd5 22.
Qxd5 Qf6 23. Nd2 Bc6 24. Qd6 Qf7 25. h5 g5 26. Qg6 Qd7 27. Qd6 Qf7 28. Qg6 Qd5
29. Rf1 e4 30. fxe4 Qd3 31. Bxg5 Qg3+ 32. Kd1 Rxf1+ 33. Nxf1 Qxg4+ 0-1